[Event "Capablanca Mem Premier II"]
[Site "Varadero CUB"]
[Date "2000.05.16"]
[Round "8"]
[White "Arencibia,J"]
[Black "Del Rio Angelis,S"]
[Result "0-1"]
[WhiteElo "2425"]
[BlackElo "2463"]

1.d4 Nf6 2.c4 e6 3.Nc3 c5 4.d5 exd5 5.cxd5 d6 6.Nf3 g6 7.e4 a6 8.a4 Bg4 9.Be2 Bxf3
10.Bxf3 Nbd7 11.O-O Bg7 12.Bg5 O-O 13.Qd2 Re8 14.Rae1 Qb6 15.Rb1 Qb4 16.Qc2 c4
17.Bf4 Ne5 18.Be2 Nfd7 19.b3 cxb3 20.Rxb3 Qa5 21.Bd2 Nc5 22.Rb2 Qd8 23.Qb1 Ned7
24.f3 Bxc3 25.Bxc3 Nxa4 26.Bd4 Nxb2 27.Qxb2 b5 28.Qb4 Qc7 29.Be3 Rac8 30.Rc1 Qb8
31.Ra1 Nc5 32.Bd4 Qc7 33.h4 Qe7 34.h5 Qh4 35.hxg6 hxg6 36.Qb2 Qf4 37.Bh8 Qe3+
38.Kf1 Qh6 39.Bf6 Na4 40.Qb4 Rc1+ 41.Kf2 Rxa1 42.Bxa1 Qc1 43.Bd4 Nc5 44.Be3 Qc2
45.Qd4 b4 46.g4 b3 47.Bd2 b2 48.Bc3 Qxc3  0-1

[Event "III Magistral de VRSA"]
[Site "Santo Antonio POR"]
[Date "2000.05.24"]
[Round "5"]
[White "Yakovich,Y"]
[Black "Galego,L"]
[Result "1-0"]
[WhiteElo "2580"]
[BlackElo "2451"]

1.d4 Nf6 2.c4 e6 3.Nf3 c5 4.d5 exd5 5.cxd5 d6 6.Nc3 g6 7.Bf4 Bg7 8.Qa4+ Bd7
9.Qb3 Qc7 10.e4 O-O 11.Be2 a6 12.e5 dxe5 13.Nxe5 Re8 14.d6 Qa5 15.Qxf7+ Kh8
16.O-O Qb4 17.Nd3 Qd4 18.Be3 Qxd6 19.Nxc5 Re7 20.Nxb7 Qe5 21.Qc4 Bb5 22.Nxb5 axb5
23.Qc8+ Re8 24.Qc5 Qxb2 25.Qxb5 Qxb5 26.Bxb5 Re7 27.Nd6 Ne4 28.Rad1 Nc3 29.Rd3 Nxb5
30.Nxb5 Nc6 31.a3 Ne5 32.Rd5 Nc4 33.Bc5 Re2 34.h3 h5 35.Rc1 Nd2 36.Be3 Ne4
37.Rcd1 Rb2 38.Rd8+ Rxd8 39.Rxd8+ Kh7 40.a4 Rb1+ 41.Kh2 Be5+ 42.g3 h4 43.Re8 hxg3+
44.fxg3 Bxg3+ 45.Kg2 Rb4 46.Bd4  1-0

[Event "ELO"]
[Site "Stockholm SWE"]
[Date "2000.06.13"]
[Round "4"]
[White "Holving,R"]
[Black "Ullen,J"]
[Result "1-0"]
[WhiteElo "2171"]
[BlackElo "2139"]

1.d4 Nf6 2.Nf3 c5 3.d5 e6 4.c4 exd5 5.cxd5 d6 6.Nc3 Be7 7.e4 Nbd7 8.h3 O-O
9.Bf4 Re8 10.Bd3 Bf8 11.O-O Ne5 12.Nxe5 dxe5 13.Be3 Bd6 14.Qf3 a6 15.a4 b6
16.Rfc1 Ra7 17.a5 b5 18.b4 Rc7 19.Nxb5 axb5 20.bxc5 Ba6 21.cxd6 Qxd6 22.Qe2 Rxc1+
23.Rxc1 Qb4 24.Bd2 Qb2 25.Rc6 Ra8 26.Kh2 h6 27.f3 Nd7 28.Rc7 Rd8 29.Bc3 Qb3
30.Qb2 Qxb2 31.Bxb2 f6 32.Ba3 Nb8 33.Bb4 Kh7 34.Ra7 Kg6 35.h4 h5 36.Bd2 Rd7
37.Ra8 Rb7 38.Bb4 Kf7 39.Bb1 Ke8 40.Bd6  1-0

[Event "It Ingres"]
[Site "Montauban FRA"]
[Date "2000.06.23"]
[Round "2"]
[White "Flear,G"]
[Black "Chabanon,JL"]
[Result "1/2-1/2"]
[WhiteElo "2519"]
[BlackElo "2440"]

1.d4 Nf6 2.c4 e6 3.Nf3 c5 4.d5 exd5 5.cxd5 d6 6.Nc3 g6 7.e4 Bg7 8.h3 O-O
9.Bg5 h6 10.Be3 Re8 11.Bd3 c4 12.Bc2 Na6 13.O-O Nb4 14.Bb1 Bd7 15.Re1 a5
16.Qd2 h5 17.Bd4 b5 18.a3 Nd3 19.Bxd3 cxd3 20.Qxd3 b4 21.axb4 axb4 22.Rxa8 Qxa8
23.Nb1 Qa4 24.Nbd2 Bb5 25.Qb1 b3 26.Bc3 Nd7 27.Bxg7 Kxg7 28.Qc1 Qb4 29.Qc7 Qc5
30.Qa5 Bd3 31.Nxb3 Qxa5 32.Nxa5 Rxe4 33.Nb7 Rxe1+ 34.Nxe1 Be4 35.Nxd6 Bxd5
36.f4 Kf6 37.Kf2 Ke7 38.Nb5 Nc5 39.Nc3 Bb7 40.b4 Ne6 41.Ke3 f6 42.Nf3 g5
43.fxg5 fxg5 44.g3 Bc8 45.Ne4 Nc7 46.Kd4 Bxh3 47.Nfxg5 Bf1 48.Nd2 Be2 49.Nh3 Na6
50.Nf4 Bb5 51.Kc3 Kf6 52.Ne4+ Kf5 53.Nd6+ Kg4 54.Nxb5 Nxb4 55.Kxb4 Kxg3 56.Nxh5+ Kf3  1/2-1/2

[Event "ch-NOR"]
[Site "Asker NOR"]
[Date "2000.07.08"]
[Round "1"]
[White "Johansen,Te"]
[Black "Lie,K"]
[Result "1/2-1/2"]
[WhiteElo "2211"]
[BlackElo "2227"]

1.d4 Nf6 2.c4 c5 3.d5 e6 4.Nc3 exd5 5.cxd5 d6 6.Nf3 g6 7.Bf4 a6 8.Nd2 b5
9.a4 b4 10.Nce4 Nxe4 11.Nxe4 Be7 12.Bh6 Nd7 13.Qd2 f5 14.Ng5 Ne5 15.e4 Ng4
16.Ne6 Bxe6 17.dxe6 Bf6 18.Bf4 g5 19.Bxd6 Bd4 20.e5 Nxe5 21.Bxe5 Bxe5 22.Rd1 Qxd2+
23.Rxd2 Ke7 24.Bc4 Rhd8 25.Re2 Bf6 26.O-O Rd4 27.b3 a5 28.g3 Rad8 29.Kg2 f4
30.Rc1 g4 31.f3 Rf8 32.Rf1 gxf3+ 33.Rxf3 Rg8 34.Ref2 Be5 35.Kh3 Rg6 36.gxf4 Bd6
37.Rg3 Rh6+ 38.Kg2 Kf6 39.Rg4 Rg6 40.Rxg6+ hxg6 41.Rf3 Bxf4 42.Rd3 Rxd3  1/2-1/2

[Event "FSIMB July"]
[Site "Budapest HUN"]
[Date "2000.07.11"]
[Round "11"]
[White "Hjelm,N"]
[Black "Yu Mingyuan"]
[Result "1/2-1/2"]
[WhiteElo "2347"]
[BlackElo "2419"]

1.d4 Nf6 2.Nf3 e6 3.c4 c5 4.d5 exd5 5.cxd5 d6 6.Nc3 g6 7.Nd2 Nbd7 8.e4 Bg7
9.Be2 O-O 10.O-O a6 11.a4 Re8 12.Qc2 Ne5 13.Ra3 g5 14.Re1 h6 15.a5 Rb8 16.Nf1 b6
17.axb6 Rxb6 18.Ng3 Ng6 19.Nd1 Qe7 20.f3 Nh4 21.Ne3 Nh7 22.Nc4 Rb8 23.Bd2 Bd4+
24.Be3 Bxe3+ 25.Rxe3 Ng6 26.Nf5 Bxf5 27.exf5 Ne5 28.Nxe5 dxe5 29.Bxa6 Qd6
30.Bc4 Nf6 31.b3 Ra8 32.Qe2 Nd7 33.Bb5 f6 34.Rd3 Reb8 35.Bxd7 Qxd7 36.d6 Ra6
37.Red1 Rbb6 38.Qd2 Kg7 39.h3 Rc6 40.Kh1 Rab6 41.Qa5 Rxd6 42.Qxb6 Rxd3 43.Rxd3 Qxd3
44.Qc7+ Kg8 45.Qc8+ Kg7 46.Qe8 Qxf5 47.Qe7+ Kg6 48.Qe8+ Kg7 49.Qe7+  1/2-1/2

[Event "ch-Paris"]
[Site "Paris FRA"]
[Date "2000.07.16"]
[Round "2"]
[White "Szabolcsi,J"]
[Black "Derieux,C"]
[Result "1-0"]
[WhiteElo "2411"]
[BlackElo "2172"]

1.d4 Nf6 2.c4 c5 3.d5 e6 4.Nc3 exd5 5.cxd5 d6 6.Nf3 g6 7.Bg5 h6 8.Bh4 g5
9.Bg3 Nh5 10.e3 Nxg3 11.hxg3 Bg7 12.Bd3 O-O 13.Qc2 f5 14.O-O-O b5 15.Bxb5 Ba6
16.Bd3 Bxd3 17.Qxd3 Nd7 18.e4 g4 19.Nd2 Ne5 20.Qe2 f4 21.gxf4 Rxf4 22.f3 Rb8
23.Kc2 Qa5 24.Rb1 gxf3 25.gxf3 Nxf3 26.Nxf3 Rxb2+ 27.Rxb2 Qxc3+ 28.Kb1 Rxf3
29.Rg1 Rg3 30.Rxg3 Qxg3 31.Rb8+ Kh7 32.Qf1 Qe5 33.Qf5+ Qxf5 34.exf5 h5 35.Kc2 c4
36.Rb7 Kh6 37.Rxa7 h4 38.Ra4 Kg5 39.Rxc4 h3 40.Kd3 h2 41.Rc1 Kxf5 42.Rh1  1-0

[Event "Open"]
[Site "Dieren NED"]
[Date "2000.07.19"]
[Round "2"]
[White "Veerman,J"]
[Black "Tagnon,N"]
[Result "1-0"]
[WhiteElo "2168"]
[BlackElo "2083"]

1.d4 Nf6 2.c4 e6 3.Nf3 c5 4.d5 exd5 5.cxd5 d6 6.Nc3 g6 7.Nd2 a6 8.a4 Nbd7
9.e4 Bg7 10.Be2 O-O 11.O-O Re8 12.Ra3 h5 13.h3 Nh7 14.f4 Ndf6 15.Bd3 g5 16.e5 dxe5
17.fxe5 Rxe5 18.Nf3 Re8 19.Nxg5 Nf8 20.Nce4 Nxe4 21.Bxe4 f6 22.Qxh5 fxg5
23.Rxf8+ Kxf8 24.Rf3+ Ke7 25.Bxg5+ Kd6 26.Bxd8 Bd4+ 27.Kh1 Rxe4 28.Qg6+ Kxd5
29.Qf7+ Kc6 30.Qc7+ Kd5 31.Rf1 Be5 32.Rd1+ Rd4 33.Qf7+ Kc6 34.Rxd4 Bxd4 35.Qf3+ Kd6
36.Bf6 Bxf6 37.Qxf6+ Be6 38.Qf4+ Kc6 39.Qf6 Kd6 40.h4 Rg8 41.h5 Kd7 42.h6 Bd5
43.h7 Rxg2  1-0

[Event "12th Open"]
[Site "Porto POR"]
[Date "2000.07.29"]
[Round "8"]
[White "Santos,CP"]
[Black "Hauchard,A"]
[Result "1-0"]
[WhiteElo "2385"]
[BlackElo "2539"]

1.d4 Nf6 2.c4 e6 3.Nf3 c5 4.d5 exd5 5.cxd5 d6 6.Nc3 g6 7.Bf4 Bg7 8.Qa4+ Bd7
9.Qb3 b5 10.Bxd6 Qb6 11.Be5 O-O 12.e3 c4 13.Qd1 Na6 14.Be2 Nc5 15.O-O Rfd8
16.Qd4 Rac8 17.d6 Ne6 18.Qh4 b4 19.Bxf6 bxc3 20.bxc3 Bxf6 21.Qxf6 Qxd6 22.Rfd1 Qf8
23.Ne5 Ba4 24.Rxd8 Rxd8 25.Bxc4 Qg7 26.Qxg7+ Kxg7 27.Bxe6 fxe6 28.c4 Kf6
29.f4 Kf5 30.c5 Ke4 31.Rc1 Kxe3 32.c6 Rc8 33.c7 Kd2 34.Rc5 Be8 35.Nc4+  1-0

[Event "Scandic Hotels GM"]
[Site "Stockholm SWE"]
[Date "2000.08.03"]
[Round "6"]
[White "Grabarczyk,M"]
[Black "Wedberg,T"]
[Result "0-1"]
[WhiteElo "2495"]
[BlackElo "2473"]

1.d4 Nf6 2.c4 e6 3.Nf3 c5 4.d5 d6 5.Nc3 exd5 6.cxd5 g6 7.h3 Bg7 8.e4 O-O
9.Bd3 Re8 10.O-O c4 11.Bc2 b5 12.Nxb5 Nxe4 13.Bxe4 Rxe4 14.Nc3 Re8 15.Bg5 Qd7
16.Qd2 Na6 17.Rae1 Bb7 18.Ne4 Nc7 19.Nc3 Qf5 20.Bh6 Nxd5 21.Bxg7 Kxg7 22.Nxd5 Bxd5
23.Nd4 Qd7 24.Qg5 Be4 25.Re3 Re5 26.Qf4 Rae8 27.Rfe1 Qe7 28.b3 cxb3 29.axb3 a5
30.Qg4 h5 31.Qf4 Ba8 32.h4 Qf6 33.Qg3 Rxe3 34.Rxe3 Rxe3 35.fxe3 Qe5 36.Qf4 Qd5
37.Qf2 Qe4 38.Qg3 Bd5 39.Kh2 Kg8 40.Qg5 Qe5+ 41.Qf4 Kf8 42.Kg1 Ke7 43.Qf2 Qe4
44.Kh2 Kd7 45.Qg3 Qe5 46.Qf4 Qxf4+ 47.exf4 Kc7 48.g4 hxg4 49.Kg3 Kb6  0-1

[Event "TCh-ESP"]
[Site "Barcelona ESP"]
[Date "2000.08.07"]
[Round "3"]
[White "Cifuentes Parada,R"]
[Black "Marin,M"]
[Result "1/2-1/2"]
[WhiteElo "2490"]
[BlackElo "2557"]

1.d4 Nf6 2.c4 e6 3.Nf3 c5 4.d5 d6 5.Nc3 exd5 6.cxd5 g6 7.Qa4+ Nbd7 8.Bf4 a6
9.e4 Nh5 10.Bg5 Be7 11.Bh6 Bf6 12.Qc2 Bg7 13.Bxg7 Nxg7 14.a4 O-O 15.Be2 f5
16.exf5 Nxf5 17.O-O Nf6 18.Qd2 Bd7 19.Rfe1 Qc7 20.h3 Rae8 21.Bc4 Qa5 22.Ne4 Qxd2
23.Nxf6+ Rxf6 24.Rxe8+ Bxe8 25.Nxd2 g5 26.Ne4 Rg6 27.a5 Nd4 28.b4 Nc2 29.Rd1 Nxb4
30.Nxc5 dxc5 31.d6+ Kh8 32.d7 Bxd7 33.Rxd7 Nc6 34.Rxb7 Nxa5 35.Rb8+ Kg7 36.Bd3 Rd6
37.Be4 h6 38.Rc8 Nb3 39.Bc2 Nd4 40.Rxc5 Rc6 41.Rxc6 Nxc6 42.Kf1 Kf6 43.Ba4 Nd4
44.Ke1 Ke5 45.Kd2 Ke4 46.Bd7 Nb5 47.Bc8 a5 48.Bd7 Nd6 49.Kc3 h5 50.Bc6+ Ke5
51.Kd3 h4 52.Ke3 Nf5+ 53.Kd3 Ne7 54.Bd7 Nd5 55.g3 Nf6 56.Bc6 Nh5 57.gxh4 gxh4
58.Ke3 Nf4 59.Kf3 Nxh3 60.Kg4 Kd6 61.Be8 Nxf2+ 62.Kxh4 Ne4 63.Kh3 Kc5 64.Kg2 Nd6
65.Bd7 Nb5 66.Kf2 a4 67.Ke3 a3 68.Be6 Nc7 69.Ba2 Nd5+ 70.Kd2 Nb4 71.Kc3 Nxa2+  1/2-1/2

[Event "Proclient Cup"]
[Site "Olomouc CZE"]
[Date "2000.08.07"]
[Round "8"]
[White "Prakken,G"]
[Black "Simacek,P"]
[Result "1-0"]
[WhiteElo "2280"]
[BlackElo "2341"]

1.d4 Nf6 2.Nf3 c5 3.d5 e6 4.c4 exd5 5.cxd5 d6 6.Nc3 g6 7.Nd2 Bg7 8.e4 O-O
9.Be2 Na6 10.O-O Nc7 11.a4 Re8 12.h3 b6 13.Re1 Rb8 14.Bf1 Qd7 15.Nf3 Bb7
16.Bf4 a6 17.Bh2 Ra8 18.Rb1 b5 19.e5 Nfxd5 20.Ne4 c4 21.Nxd6 Reb8 22.Ng5 Ne6
23.Ngxf7 Bc6 24.Qg4 Qe7 25.Bg3 Rf8 26.Bh4 Qd7 27.Ng5 Nxg5 28.Bxg5 Nc7 29.Qxd7 Bxd7
30.Be7 Rf4 31.Rbd1 c3 32.axb5 cxb2 33.b6 Nb5 34.Nxb5 Bxb5 35.Bxb5 axb5 36.Bd6 Rf7
37.Rb1 Rb7 38.Bc7 Ra2 39.Re2 Kf7 40.Rbxb2 Rxb2 41.Rxb2 Bxe5 42.Bxe5 Rxb6
43.Bd4 Rb7 44.Rb4 Ke6 45.Kf1 Kd5 46.Ke2 Rb8 47.Kd3 Rb7 48.Be3 Ke5 49.Kc3  1-0

[Event "FSELOA August"]
[Site "Budapest HUN"]
[Date "2000.08.09"]
[Round "5"]
[White "Jansen,F"]
[Black "Berczes,D"]
[Result "1/2-1/2"]
[WhiteElo "2063"]
[BlackElo "2054"]

1.d4 Nf6 2.c4 c5 3.d5 e6 4.Nc3 exd5 5.cxd5 d6 6.Nf3 g6 7.e4 Bg7 8.Nd2 a6
9.a4 O-O 10.Be2 Re8 11.O-O Nbd7 12.f4 Rb8 13.a5 b5 14.axb6 Nxb6 15.h3 c4
16.Qc2 Qe7 17.Bxc4 Nh5 18.Bd3 Bd4+ 19.Kh2 Nd7 20.Nf3 Bb6 21.Na4 Ba7 22.Bd2 Ndf6
23.Rae1 Bd7 24.Nc3 Bb5 25.Bxb5 axb5 26.e5 Nd7 27.exd6 Qxd6 28.Rxe8+ Rxe8
29.Nxb5 Qc5 30.Qxc5 Bxc5 31.b4 Bf8 32.Nc7 Rc8 33.Na6 Nhf6 34.Ne5 Nxe5 35.fxe5 Nxd5
36.Rb1 Bg7 37.b5 Bxe5+ 38.Kh1 Bd4 39.Ba5 Bb6 40.Bxb6 Nxb6  1/2-1/2

[Event "TCh-ESP"]
[Site "Barcelona ESP"]
[Date "2000.08.12"]
[Round "8"]
[White "Alvarado Ascanio,F"]
[Black "Garcia Romero,B"]
[Result "1-0"]
[WhiteElo "2212"]
[BlackElo "2138"]

1.d4 Nf6 2.c4 e6 3.Nc3 c5 4.d5 exd5 5.cxd5 d6 6.Nf3 g6 7.h3 Bg7 8.e4 O-O
9.Bd3 a6 10.a4 Re8 11.O-O Nbd7 12.Bf4 c4 13.Bc2 Nc5 14.Re1 Rb8 15.e5 Nh5
16.Bh2 b5 17.axb5 axb5 18.exd6 b4 19.Na4 Rxe1+ 20.Qxe1 Nd7 21.Ne5 Nxe5 22.Bxe5 Bxh3
23.Qe3 Bd7 24.Nc5 Nf6 25.Qd4 b3 26.Bd1 Bb5 27.d7 Nh5 28.Bxh5 Bxe5 29.Qxe5 gxh5
30.Ne4 Rb6 31.Ra8 Qxa8 32.Qg5+ Rg6 33.d8=Q+ Qxd8 34.Qxd8+ Kg7 35.Nc3 Ba6
36.Qc7 h4 37.d6 h3 38.g3 Bb7  1-0

[Event "FSIMA August"]
[Site "Budapest HUN"]
[Date "2000.08.15"]
[Round "11"]
[White "Yu Mingyuan"]
[Black "Cooke,E"]
[Result "1-0"]
[WhiteElo "2319"]
[BlackElo "2275"]

1.d4 Nf6 2.Nf3 e6 3.c4 c5 4.d5 exd5 5.cxd5 d6 6.Nc3 g6 7.h3 a6 8.a4 Bg7 9.e4 Nbd7
10.Bd3 O-O 11.O-O Qe7 12.Bf4 Re8 13.Bh2 h5 14.Re1 Nh7 15.Kh1 Rb8 16.Qe2 Qf8
17.Qc2 Qe7 18.Re2 Nhf8 19.Rae1 f6 20.Nh4 Ne5 21.f4 Nxd3 22.Qxd3 b5 23.e5 c4
24.Qc2 fxe5 25.Nxg6 Qf7 26.Nxf8 Rxf8 27.fxe5 dxe5 28.Bxe5 Bf5 29.Qd2 b4 30.Nd1 Rb7
31.d6 Bd3 32.Bxg7 Qxg7 33.Re7 Rf7 34.R1e5 Rf1+ 35.Kh2  1-0

[Event "Open"]
[Site "Kiel GER"]
[Date "2000.08.21"]
[Round "3"]
[White "Dreesen,J"]
[Black "Kopylov,M"]
[Result "0-1"]
[WhiteElo "2119"]
[BlackElo "2431"]

1.d4 Nf6 2.Nf3 c5 3.d5 e6 4.c4 exd5 5.cxd5 d6 6.Nc3 g6 7.e4 Bg7 8.Bd3 O-O
9.O-O Bg4 10.h3 Bxf3 11.Qxf3 Nbd7 12.Qe2 Re8 13.Bg5 h6 14.Bh4 Qb6 15.Kh1 Ne5
16.Bb5 Re7 17.f4 Ned7 18.a4 Rae8 19.Qc2 a6 20.Bxd7 Rxd7 21.Rae1 Qb4 22.Na2 Qa5
23.Nc3 Qb4 24.Na2 Qb6 25.Nc3 Nh5 26.Qd2 Qb4 27.g4 Nf6 28.Qc2 Nh7 29.e5 dxe5
30.Re4 Qb6 31.Rfe1 Qd6 32.Qe2 f6 33.Bg3 Rde7 34.h4 Qd7 35.Kg2 Rf8 36.g5 f5
37.gxh6 fxe4 38.hxg7 Rxf4 39.Qc4 Rg4 40.d6+ Rf7 41.Rxe4 Nf6 42.Rxg4 Qxg4
43.Qxg4 Nxg4 44.Kh3 Nf6 45.Bxe5 Nd7 46.Bg3 Kxg7 47.Kg2 c4 48.Nd5 Rf5 49.Ne3 Rc5
50.Kf3 c3 51.bxc3 Rxc3 52.Ke4 Ra3 53.Bf2 Rxa4+ 54.Kd5 Kf7 55.Nc4 Nf6+ 56.Kc5 Ne4+
57.Kb6 Rxc4  0-1

[Event "Open"]
[Site "Polanica Zdroj POL"]
[Date "2000.08.23"]
[Round "6"]
[White "Dydyshko,V"]
[Black "Najbar,M"]
[Result "1-0"]
[WhiteElo "2525"]
[BlackElo "2317"]

1.d4 Nf6 2.c4 c5 3.d5 e6 4.Nc3 exd5 5.cxd5 d6 6.Nf3 g6 7.Nd2 Nbd7 8.e4 Bg7
9.Be2 O-O 10.O-O a6 11.a4 Re8 12.Qc2 h6 13.Ra3 g5 14.Re1 Ne5 15.f3 Nh7 16.Nd1 Bd7
17.a5 b5 18.axb6 Qxb6 19.Ne3 Nf8 20.Kh1 Neg6 21.Ndc4 Qc7 22.Bd2 Bb5 23.Nf5 Bxc4
24.Bxc4 Ne7 25.Nxg7 Kxg7 26.Rea1 Nfg6 27.Bc3+ f6 28.Rxa6 Qb7 29.Qa4 Rxa6
30.Qxa6 Qxa6 31.Rxa6 Ne5 32.Bxe5 dxe5 33.d6 Ng6 34.Ra7+  1-0

[Event "IV Russian Cup Final"]
[Site "Elista RUS"]
[Date "2000.08.27"]
[Round "8"]
[White "Bocharov,D"]
[Black "Kotsur,P"]
[Result "0-1"]
[WhiteElo "2438"]
[BlackElo "2589"]

1.d4 Nf6 2.Nf3 e6 3.c4 c5 4.d5 exd5 5.cxd5 d6 6.Nc3 g6 7.e4 a6 8.a4 Bg4 9.h3 Bxf3
10.Qxf3 Bg7 11.Be2 O-O 12.O-O Re8 13.Bf4 Qe7 14.Rfe1 Nbd7 15.Bf1 Nh5 16.Bd2 Bd4
17.a5 Ne5 18.Qd1 Qf6 19.Be3 Nf4 20.g3 Nh5 21.Bg2 Rac8 22.Qe2 Bxe3 23.Qxe3 Qd8
24.f4 Nc4 25.Qf2 f6 26.g4 Ng7 27.Ra4 Nxa5 28.e5 fxe5 29.fxe5 dxe5 30.d6 Nc6
31.Qxc5 Kh8 32.Qd5 Rf8 33.Ne4 Qb6+ 34.Kh1 Qb5 35.Qxb5 axb5 36.Raa1 Ne6 37.Rac1 Ncd4
38.Rxc8 Rxc8 39.d7 Rd8 40.Nf6 Kg7 41.Ne8+ Kf7 42.Nd6+ Kf6 43.Ne4+ Ke7 44.Nc3 Kd6
45.Bxb7 Rxd7 46.Ba6 b4 47.Ne4+ Ke7 48.Nf2 Nc5 49.Bc4 Kd6 50.Kg2 h6 51.Bd3 g5
52.Ra1 Ndb3 53.Ra8 Ke7 54.Bb5 Rd2 55.Re8+ Kf6 56.Rf8+ Kg7 57.Rf5 e4 58.Re5 Nd4
59.Bc4 Rc2 60.Rxc5 e3 61.Rc7+ Kf8 62.Rd7 Rxf2+ 63.Kg3 Rf4 64.Rd5 Re4 65.Rd8+ Ke7
66.Rb8 e2 67.Bxe2 Re3+  0-1

[Event "Summer Festival Open"]
[Site "Lisbon POR"]
[Date "2000.08.27"]
[Round "7"]
[White "Damaso,R"]
[Black "Vitor,A"]
[Result "1-0"]
[WhiteElo "2386"]
[BlackElo "2302"]

1.c4 Nf6 2.d4 c5 3.d5 e6 4.Nc3 exd5 5.cxd5 d6 6.Nf3 g6 7.Bf4 a6 8.e4 Bg7
9.Qa4+ Bd7 10.Qb3 Qe7 11.e5 b5 12.Be2 dxe5 13.Nxe5 O-O 14.O-O b4 15.d6 Qe8
16.Nd5 Ba4 17.Ne7+ Kh8 18.Qf3 Nh5 19.Bc4 Ra7 20.Rfe1 Nd7 21.Nxf7+ Qxf7 22.Bxf7 Rxf7
23.Qd5  1-0

[Event "Summer Festival Open"]
[Site "Lisbon POR"]
[Date "2000.08.28"]
[Round "8"]
[White "Mitkov,M"]
[Black "Horvath,Cs"]
[Result "1/2-1/2"]
[WhiteElo "2402"]
[BlackElo "2513"]

1.d4 Nf6 2.c4 e6 3.Nf3 c5 4.d5 d6 5.Nc3 exd5 6.cxd5 g6 7.e4 a6 8.Bg5 Bg7
9.Nd2 b5 10.Be2 Nbd7 11.O-O h6 12.Bh4 O-O 13.f4 Qe8 14.Bf3 Nh7 15.e5 g5 16.Nde4 Nxe5
17.fxg5 hxg5 18.Nxg5 Nxg5 19.Bxg5 Bf5 20.Be4 Bg4 21.Qc2 f5 22.Bxf5 Qh5 23.h4 Bh6
24.Bxg4 Nxg4 25.Ne4 Bxg5 26.Nxg5 Qxh4 27.Qg6+ Kh8 28.Nh3 Qg3  1/2-1/2

[Event "ch-NED Women"]
[Site "Rotterdam NED"]
[Date "2000.09.01"]
[Round "10"]
[White "Peng Zhaoqin"]
[Black "Slingerland,C"]
[Result "1-0"]
[WhiteElo "2403"]
[BlackElo "2096"]

1.d4 Nf6 2.c4 c5 3.d5 e6 4.Nc3 exd5 5.cxd5 d6 6.Nf3 g6 7.h3 Bg7 8.e4 O-O
9.Bd3 Re8 10.O-O c4 11.Bc2 a6 12.a4 Nbd7 13.Re1 Qc7 14.Bg5 Rb8 15.a5 b5 16.axb6 Rxb6
17.Ra2 Nc5 18.Be3 Nfd7 19.Bd4 Bxd4 20.Qxd4 Nb3 21.Bxb3 cxb3 22.Raa1 Qc5 23.Qd2 Rb4
24.Rac1 Qb6 25.Qh6 f6 26.Re3 Nf8 27.e5 dxe5 28.Ne4 Bd7 29.Rc6 Bxc6 30.Nxf6+ Kf7
31.Nxh7 Nxh7 32.Nxe5+ Rxe5 33.Qxh7+ Kf8 34.Qh8+ Kf7 35.Qxe5 Bb5 36.Qe7+  1-0

[Event "Najdorf Final KO"]
[Site "Buenos Aires ARG"]
[Date "2000.09.12"]
[Round "2.2"]
[White "Mendez,Er"]
[Black "Spangenberg,H"]
[Result "1/2-1/2"]
[WhiteElo "2419"]
[BlackElo "2542"]

1.d4 Nf6 2.c4 e6 3.Nc3 c5 4.d5 exd5 5.cxd5 d6 6.Nf3 g6 7.Nd2 Nbd7 8.e4 Bg7
9.Be2 O-O 10.O-O Re8 11.f4 a6 12.a4 Qe7 13.Bf3 h6 14.Nc4  1/2-1/2

[Event "1st European Blitz Ch"]
[Site "Neum BIH"]
[Date "2000.10.04"]
[Round "5"]
[White "Volkov,S"]
[Black "Sherbakov,R"]
[Result "1-0"]
[WhiteElo "2554"]
[BlackElo "2558"]

1.d4 Nf6 2.c4 c5 3.d5 e6 4.Nc3 exd5 5.cxd5 d6 6.Nf3 g6 7.Bg5 h6 8.Bh4 Bg7
9.e4 O-O 10.Be2 a6 11.a4 Qe8 12.Nd2 Nbd7 13.O-O g5 14.Bg3 Ne5 15.a5 Bd7 16.Qb3 Rb8
17.Qb6 Qe7 18.Bxe5 dxe5 19.d6 Qe8 20.Qxc5 Bc6 21.Rfd1 Nd7 22.Qe3 Qe6 23.Nc4 Nf6
24.Nb6 Rfd8 25.Bc4 Qe8 26.Qf3 Qf8 27.Ncd5 Rxd6 28.h3 Nxd5 29.Bxd5 Rf6 30.Qe3 Rd8
31.Rac1 Bxd5 32.Nxd5 Rc6 33.Qa7 f5 34.Rxc6 bxc6 35.Ne7+ Kh7 36.Rxd8 Qxd8
37.Nxf5  1-0

[Event "Tatry Open"]
[Site "Tatranske Zruby SVK"]
[Date "2000.10.14"]
[Round "8"]
[White "Pinc,M"]
[Black "Tomcik,M"]
[Result "1/2-1/2"]
[WhiteElo "2145"]
[BlackElo "2210"]

1.d4 Nf6 2.c4 c5 3.d5 e6 4.Nc3 exd5 5.cxd5 d6 6.Nf3 g6 7.g3 Bg7 8.Bg2 O-O
9.O-O Re8 10.Nd2 Nbd7 11.a4 a6 12.h3 Rb8 13.Nc4 Nb6 14.Ne3 Bd7 15.a5 Nc8
16.Nc4 Bf8 17.Bg5 h6 18.Bd2 Ra8 19.Qb3 Qc7 20.Rfe1 Rb8 21.Qc2 Na7 22.e4 Rbd8
23.Bf4 Nh5 24.e5 Nxf4 25.gxf4 Bf5 26.Qb3 Nc8 27.Ne4 Bxe4 28.Bxe4 Bg7 29.e6 f5
30.Bg2 Qe7 31.Qg3 Kh7 32.Ra3 Na7 33.Kh1 Nb5 34.Rd3 Bf6 35.Bf3 Qg7 36.Rd2 h5
37.Bd1 Nd4 38.Rg1 Rg8 39.Qc3 Qe7 40.Qd3 Nb5 41.Re2 Kh6 42.Rd2 Nd4  1/2-1/2

[Event "ch-ARG"]
[Site "Buenos Aires ARG"]
[Date "2000.10.18"]
[Round "8"]
[White "Hoffman,A"]
[Black "Rosito,J"]
[Result "0-1"]
[WhiteElo "2491"]
[BlackElo "2354"]

1.d4 Nf6 2.c4 e6 3.Nf3 c5 4.d5 d6 5.Nc3 exd5 6.cxd5 g6 7.e4 a6 8.a4 Bg4 9.Qb3 Bxf3
10.Qxb7 Nbd7 11.gxf3 Bg7 12.Bf4 Rb8 13.Qxa6 Nh5 14.Bc1 O-O 15.Be2 f5 16.h4 Qe7
17.Ra3 Be5 18.Qd3 Nf4 19.Qc2 Ng2+ 20.Kf1 Nxh4 21.Nb5 Qf6 22.a5 c4 23.Nc3 Nc5
24.a6 Ra8 25.a7 Rf7 26.Nd1 fxe4 27.fxe4 Bd4 28.Rh2 Raxa7 29.Rxa7 Rxa7 30.Qxc4 Rf7
31.e5 dxe5 32.b4 Ne4 33.Bh6 Nd6 34.Qa6 Qd8 35.Qc6 Nhf5 36.Bd2 Ne4 37.Bh6 Nxh6
38.Rxh6 Qg5 39.Qe8+ Rf8 40.Qe6+ Kg7 41.Rh3 h5 42.d6 Nxf2 43.Rf3 Rxf3 44.Bxf3 Nxd1
45.d7 Qg1+ 46.Ke2 Nc3+ 47.Kd3 Qf1+ 48.Kc2 Qf2+  0-1

[Event "ch-ARG"]
[Site "Buenos Aires ARG"]
[Date "2000.10.19"]
[Round "9"]
[White "Sorin,A"]
[Black "Hoffman,A"]
[Result "1-0"]
[WhiteElo "2490"]
[BlackElo "2491"]

1.d4 Nf6 2.c4 c5 3.d5 e6 4.Nc3 exd5 5.cxd5 d6 6.Nf3 g6 7.Bf4 a6 8.a4 Bg7
9.h3 O-O 10.e3 Qe7 11.Be2 Ne8 12.O-O Nd7 13.a5 h6 14.Na4 g5 15.Bh2 Rb8 16.Rb1 f5
17.b4 cxb4 18.Rxb4 Qd8 19.Nb6 Bc3 20.Rb1 Bxa5 21.Nxc8 Qxc8 22.Rc1 Qd8 23.Nd4 Qe7
24.g4 Ng7 25.gxf5 Nxf5 26.Nxf5 Rxf5 27.Bg4 Rbf8 28.Bxf5 Rxf5 29.Rc8+ Nf8
30.Qd3 Rf6 31.Rfc1 Kg7 32.Rb8 Bb4 33.Rcc8 a5 34.Qb5 b6 35.Qxb6 Qe4 36.Qa7+ Kg8
37.Bg3 Qb1+ 38.Kg2 Qe4+ 39.Kh2 Qxd5 40.Qe7 Qf5 41.e4 Qf3 42.Rb7  1-0

[Event "ch-ARG"]
[Site "Buenos Aires ARG"]
[Date "2000.10.20"]
[Round "10"]
[White "Soppe,G"]
[Black "Julia,E"]
[Result "1-0"]
[WhiteElo "2471"]
[BlackElo "2393"]

1.d4 Nf6 2.c4 c5 3.d5 e6 4.Nc3 exd5 5.cxd5 d6 6.Nf3 g6 7.g3 Bg7 8.Bg2 O-O
9.O-O Re8 10.Nd2 Nbd7 11.a4 a6 12.Ra2 b6 13.b3 Nh5 14.Bb2 Ne5 15.Nc4 f5 16.e3 Ra7
17.Ne2 Rae7 18.Nc1 Nf6 19.Nd3 Ne4 20.Ndxe5 dxe5 21.a5 b5 22.Nb6 Nd6 23.Ba3 b4
24.Bb2 Bd7 25.Qc2 Bb5 26.Qxc5 Rc7 27.Qxb4 Bxf1 28.Bxf1 Rc2 29.Qa4 Re7 30.Nc4 Ne4
31.Qc6 Nxf2 32.d6 Rf7 33.Qxa6 e4 34.Bf6 Nh3+ 35.Kh1 Qxf6 36.Rxc2 Qa1 37.Nd2 Nf2+
38.Kg2 Ng4 39.Nc4 Qd1 40.Re2 Nxh2 41.Kxh2 Qxf1 42.Nd2 Qd1 43.Rf2 Qh5+ 44.Kg2 Qg5
45.Qc8+ Rf8 46.Qe6+ Kh8 47.Nc4 h5 48.Rf4 Kh7 49.d7 Qd8 50.a6 Qa8 51.Rf1 Bf6
52.Rd1 Bd8 53.Rd6 Rf6 54.Qe5 Rf8 55.Qe8 Rg8 56.Qf7+ Rg7 57.Qd5 Qa7 58.b4 Be7
59.Re6 Bd8 60.Rd6 Bb6 61.Qb7  1-0

[Event "It"]
[Site "Alushta UKR"]
[Date "2000.10.27"]
[Round "13"]
[White "Shishkin,V"]
[Black "Alexandrova,O"]
[Result "0-1"]
[WhiteElo "2415"]
[BlackElo "2421"]

1.d4 Nf6 2.c4 e6 3.Nc3 c5 4.d5 exd5 5.cxd5 d6 6.Nf3 g6 7.Nd2 a6 8.a4 Nbd7
9.g3 Bg7 10.Bg2 O-O 11.O-O Re8 12.e4 Rb8 13.Nc4 Ne5 14.Na3 Nh5 15.h3 f5 16.Qe2 Qf6
17.exf5 Bxf5 18.Ne4 Qd8 19.g4 Bxe4 20.Qxe4 Nf6 21.Qc2 b5 22.axb5 axb5 23.Bf4 c4
24.Bxe5 Rxe5 25.b3 c3 26.b4 Nd7 27.Rae1 Rxe1 28.Rxe1 Qg5 29.Qe2 Be5 30.Nc2 Qf4
31.Ra1 Rf8 32.Kf1 Nb6 33.Qe3 Qc4+ 34.Kg1 Nxd5 35.Qe1 Nf4 36.Bf1 Qf7 37.Ra5 Ne6
38.Rxb5 Nd4 39.Nxd4 Bxd4 40.Kh1 Qxf2 41.Bc4+ Kh8 42.Qxf2 Rxf2 43.Rb8+ Kg7
44.g5 h6 45.Rb7+ Kf8 46.Rc7 Rd2 47.Bb3 Rb2 48.Ba4 Rxb4 49.Bc2 hxg5 50.Bxg6 Bc5
51.Rf7+ Kg8 52.Rf3 Bd4 53.Rg3 Bf6 54.Kg1 Kg7 55.Bc2 Kf7 56.Kf1 Rb2 57.Rg2 Be5
58.Bd3 Ke6 59.Rc2 Rb1+ 60.Kg2 Rb4 61.Re2 Kd5 62.Bg6 Rf4 63.Ra2 Kc5 64.Re2 Kb4
65.Bc2 Ka3 66.Bh7 Rd4 67.Kf3 Rh4  0-1

[Event "FSIM November"]
[Site "Budapest HUN"]
[Date "2000.11.04"]
[Round "1"]
[White "Vargyas,Z"]
[Black "Bordas,G"]
[Result "1-0"]
[WhiteElo "2154"]
[BlackElo "2186"]

1.d4 c5 2.d5 e6 3.c4 exd5 4.cxd5 d6 5.Nc3 Nf6 6.Nf3 Nbd7 7.Bf4 h6 8.h3 g5
9.Bh2 Bg7 10.e3 O-O 11.Bd3 Re8 12.Qc2 Nb6 13.O-O-O Kh8 14.Bf5 Bxf5 15.Qxf5 Nc8
16.g4 Ne7 17.Qc2 Ng6 18.Bg3 Kg8 19.h4 Nxg4 20.hxg5 hxg5 21.Qf5 N4e5 22.Nxg5 Qf6
23.Qxf6 Bxf6 24.Nge4 Be7 25.Nb5 Red8 26.Bxe5 Nxe5 27.f4 f5 28.Nexd6 Bxd6
29.Nxd6 Nd3+ 30.Rxd3 Rxd6 31.e4 fxe4 32.Rg3+ Kf7 33.Rh7+ Kf6 34.Rh6+ Ke7
35.Rg7+ Kf8 36.Rhh7 Rxd5 37.Rxb7 Kg8 38.Rhg7+ Kf8 39.Rgf7+ Kg8 40.Rg7+ Kf8
41.Rge7 Kg8 42.Rg7+ Kh8 43.Rgf7 Kg8 44.f5 Rad8 45.Rg7+ Kh8 46.Rh7+ Kg8 47.Rbg7+ Kf8
48.f6 Rd1+ 49.Kc2 R1d2+ 50.Kb3 R2d3+ 51.Ka4 R3d4+ 52.Ka5  1-0